Sports Quiz

Random Sports or Rugby Quiz

Super League Teams Quiz Stats

 Plays Quiz Updated Feb 24, 2020

Support Sporcle.
Go Orange.
Score 0/12 Timer 03:00
5 Plays Today
Team % Correct
Leeds Rhinos
89%
Wigan Warriors
87.9%
St Helens
86.8%
Warrington Wolves
79%
Hull F.C.
73.9%
Castleford Tigers
72.3%
Catalans Dragons
65.9%
Huddersfield Giants
65.8%
Toronto Wolfpack
65.3%
Salford Red Devils
63.7%
Wakefield Trinity
59%
Hull Kingston Rovers
54.3%

From the Vault

TV Shows Without People

by MovieGuru

Something's missing from these famous TV shows...
Remove Ads.
Support Sporcle.
Get the best of Sporcle when you Go Orange. This ad-free experience offers more features, more stats, and more fun while also helping to support Sporcle. Thank you for becoming a member.

Show Comments

Extras

Top Quizzes Today


Score Distribution

Your Account Isn't Verified!

In order to create a playlist on Sporcle, you need to verify the email address you used during registration. Go to your Sporcle Settings to finish the process.

Report this User

Report this user for behavior that violates our Community Guidelines.

Details: